Housing issues for older people in rural areas (Record no. 109969)

MARC details
000 -LEADER
fixed length control field 01001cad a22002415a 4500
001 - CONTROL NUMBER
control field E148241
008 - FIXED-LENGTH DATA ELEMENTS--GENERAL INFORMATION
fixed length control field 090821s2008 xxk f s000 0 eng d
020 ## - INTERNATIONAL STANDARD BOOK NUMBER
International Standard Book Number 9780755969579
035 ## - SYSTEM CONTROL NUMBER
System control number (Sirsi) u148241
041 0# - LANGUAGE CODE
Language code of text/sound track or separate title eng
050 04 - LIBRARY OF CONGRESS CALL NUMBER
Classification number 306.1 $2 18
100 2# - MAIN ENTRY--PERSONAL NAME
Personal name Bevan, Mark
245 00 - TITLE STATEMENT
Title Housing issues for older people in rural areas
Medium [electronic resource]
260 ## - PUBLICATION, DISTRIBUTION, ETC.
Place of publication, distribution, etc. Edinbugh
Name of publisher, distributor, etc. Scottish Government Social Research
Date of publication, distribution, etc. 2008
520 ## - SUMMARY, ETC.
Summary, etc. Looks at older people's housing and support needs in rual Scotland, and discusses policies which might be appropriate to deal with these. Examines population trends, housing issues, and services for older people.
521 ## - TARGET AUDIENCE NOTE
Target audience note Advanced
590 ## - LOCAL NOTE (RLIN)
Local note KA
651 #4 - SUBJECT ADDED ENTRY--GEOGRAPHIC NAME
Geographic name Scotland
Chronological subdivision 1999-
690 ## - LOCAL SUBJECT ADDED ENTRY--TOPICAL TERM (OCLC, RLIN)
Topical term or geographic name as entry element PROPERTY-RESIDENTIAL PROPERTY-DOMESTIC RESIDENTIAL PROPERTY-HOUSING
700 1# - ADDED ENTRY--PERSONAL NAME
Personal name Croucher, Karen
856 40 - ELECTRONIC LOCATION AND ACCESS
Uniform Resource Identifier <a href="https://www.scotland.gov.uk/Publications/2008/01/17120038/0">https://www.scotland.gov.uk/Publications/2008/01/17120038/0</a>
Public note View the consultation free of charge at www.scotland.gov.uk...
942 ## - ADDED ENTRY ELEMENTS (KOHA)
Suppress in OPAC 0
Holdings
Withdrawn status Lost status Source of classification or shelving scheme Damaged status Not for loan Home library Current library Shelving location Date acquired Total Checkouts Full call number Barcode Date last seen Copy number Price effective from Koha item type
    Dewey Decimal Classification     Virtual Virtual Online 21/08/2009   ONLINE PUBLICATION 148241-2001 06/08/2019 1 06/08/2019 Book